Un nuevo préstamo para El Salvador

में बचाया:
ग्रंथसूची विवरण
स्वरूप: मूलपाठ
विषय:
टैग: टैग जोड़ें
कोई टैग नहीं, इस रिकॉर्ड को टैग करने वाले पहले व्यक्ति बनें!

MARC

LEADER 00000 a a2200000 04500
001 5855
003
040
245 |a Un nuevo préstamo para El Salvador  
650 |a CRECIMIENTO ECONOMICO  
650 |a EXPORTACIONES  
650 |a FINANCIAMIENTO  
650 |a BID  
650 |a PROYECTOS DE DESARROLLO  
650 |a DEFICIT  
773 |g volumen 15, número 624; páginas 4-6  
999 |c 38175  |d 38175